00541nam a22001457a 450000500170000000800400001702000180005705000190007524501530009426000350024730000180028250400280030065000280032870000390035620150710113401.0150710b bl||||| |||| 00| 0 po d a978857516717504aJA74bP75 201400aPsicología política b: Temas atuais de investigacaoc/ organizadores Salvador A. mireles Sandoval, Domenico Uhng Hur, Bruna S. do Amaral Dantas aBrasil:bEditora Alinea,c2014 a267p.;b21cm, aIncluye: Bibliografía 4aPsicología política1 4mireles Sandova , Salvador Aeorg.